Statistics for Regions of Togo

Click here to take the quiz!

General Stats

  • This quiz has been taken 8 times
  • The average score is 4 of 5

Answer Stats

AreaPopulationRegion% Correct
11,700 km²770,000Kara
100%
6,100 km²2,600,000Maritime
88%
17,000 km²1,400,000Plateaux
88%
13,300 km²620,000Centrale
75%
8,500 km²830,000Savanes
75%

Score Distribution

Percentile by Number Answered

Percent of People with Each Score

Your Score History

You have not taken this quiz